Highest Grossing Superhero Films - Statistics

General Stats
  • This quiz has been taken 39 times
  • The average score is 35 of 50
Answer Stats
Year Film Gross % Correct
2012 The Avengers $1,518,812,988
100%
2019 Avengers: Endgame $2,797,800,564
96%
2018 Avengers: Infinity War $2,048,359,754
92%
2016 Captain America: Civil War $1,153,304,495
92%
2008 Iron Man $585,174,222
92%
2018 Black Panther $1,346,913,171
88%
2014 Guardians of the Galaxy $773,328,629
88%
2013 Iron Man 3 $1,214,811,252
88%
2013 Man of Steel $668,045,518
88%
2002 Spider-Man $821,708,551
88%
2012 The Amazing Spider-Man $757,930,663
88%
2008 The Dark Knight $1,004,558,444
88%
2018 Aquaman $1,148,161,807
84%
2010 Iron Man 2 $623,933,331
84%
2017 Spider-Man: Homecoming $880,166,924
84%
2017 Wonder Woman $821,847,012
84%
2015 Avengers: Age of Ultron $1,405,403,694
80%
2017 Justice League $657,924,295
80%
2017 Logan $619,021,436
80%
2004 Spider-Man 2 $788,976,453
80%
2007 Spider-Man 3 $890,871,626
80%
2019 Spider-Man: Far From Home $1,131,927,996
80%
2012 The Dark Knight Rises $1,081,041,287
80%
2011 Thor $449,326,618
80%
2017 Thor: Ragnarok $853,977,126
80%
2015 Ant-Man $519,311,965
76%
2018 Ant-Man and the Wasp $622,674,139
76%
2019 Captain Marvel $1,128,274,794
76%
2017 Guardians of the Galaxy Vol. 2 $863,756,051
76%
2014 Captain America: The Winter Soldier $714,421,503
72%
2016 Deadpool $783,112,979
72%
2018 Deadpool 2 $785,046,920
72%
2016 Doctor Strange $677,718,395
72%
2013 Thor: The Dark World $644,571,402
72%
2016 X-Men: Apocalypse $543,934,787
68%
2019 Joker $1,074,251,311
64%
2014 The Amazing Spider-Man 2 $708,982,323
64%
2016 Batman v Superman: Dawn of Justice $873,634,919
60%
2016 Suicide Squad $746,846,894
60%
2006 X-Men: The Last Stand $459,359,555
60%
2018 Venom $856,085,151
56%
2014 X-Men: Days of Future Past $747,862,775
56%
2018 Incredibles 2 $1,242,805,359
48%
2004 The Incredibles $633,019,734
48%
2014 Big Hero 6 $657,818,612
28%
2008 Hancock $624,386,746
24%
2014 Teenage Mutant Ninja Turtles $493,333,584
24%
1999 The Matrix $465,343,787
16%
2003 The Matrix Reloaded $739,412,035
12%
2014 Godzilla $529,076,069
8%
No matching quizzes found
Score Distribution
Percent of People with Each Score
Percentile by Number Answered
Your Score History
You have not taken this quiz